| 000 | 00920cam a2200349 i 4500 | ||
|---|---|---|---|
| 001 | 0000828 | ||
| 003 | DO-SdBNP | ||
| 005 | 20180212113343.0 | ||
| 007 | 0000828 | ||
| 008 | 100514s 1998 sp a | |||| 000 f spa | ||
| 015 | _a | ||
| 017 |
_a _b |
||
| 020 | _a8434862832 | ||
| 035 | _a | ||
| 040 |
_aBPMSU _bspa _cBPMSU _e |
||
| 080 | _a | ||
| 100 | 1 | _aPaola, Tomie de | |
| 240 | 1 | _aNana upstairs & Nana downstairs / | |
| 245 | 1 | 0 |
_aAbuela de arriba, abuela de abajo / _h _cTomie de Paola ; traducción Isabel Cano |
| 250 | _a3a. ed. | ||
| 260 |
_aMadrid : _bSm, _c1998. |
||
| 300 |
_a31 p.: _bil. _c19 cm. |
||
| 490 | 1 |
_aLos piratas _v21 |
|
| 490 | 1 | _aEl barco de vapor | |
| 500 | _aLibro de pasta dura. | ||
| 700 | 1 | 2 |
_aCano, Isabel _etrad. |
| 830 | 0 |
_aLos piratas _n21 |
|
| 830 | 0 | _aEl barco de vapor | |
| 942 |
_2ddc _cBK |
||
| 945 | _aInventariado, 2018/ YL | ||
| 956 |
_aYLOCKWARD _cBPMSU _b10 |
||
| 999 |
_c12145 _d12145 |
||